000 00992nam a2200289 i 4500
001 000033212
003 DO-SdBNP
005 20241015140953.0
007 ta
008 110328s1968 dr 000 0 spa d
040 _aDO-SdBNP
_bspa
_cBNPHU
_erda
082 _bC794r
_222
100 1 _aCordero Michel, Emilio,
_d1929-2018
_944029
245 1 3 _aLa revolución Haitiana y Santo Domingo /
_cEmilio Cordero Michel.
264 1 _aSanto Domingo :
_bEditora Nacional,
_c1968.
300 _a116 páginas
_c23 cm.
336 _2rdacontent
_atexto
_btxt
337 _2rdamedia
_asin mediación
_bn
338 _2rdacarrier
_avolumen
_bnc
490 1 _aHistoria y sociedad
500 _aIncluye referencias bibliográficas y notas al pie de las páginas
500 _aEl ejemplar numero 1 esta dedicado por el autor a la Sra. Aida Cartagena de fecha 10 diciembre 1968.
504 _aBibliografía : p. 113 -116
590 _aInventariado, 2024/ YL
910 _aYLockward
942 _2ddc
_cLBS1
999 _c32703
_d32703